| 000 | 01339cad a22002055a 4500 | ||
|---|---|---|---|
| 001 | L157036 | ||
| 008 | 120816s2012 xxk f 000 0 eng d | ||
| 035 | _a(Sirsi) u157036 | ||
| 041 | 0 | _aeng | |
| 110 | 2 |
_aSavills _92020 |
|
| 245 | 0 | 0 |
_aPart of the union _bIs the UK housing market becoming increasingly European? _h[electronic resource] |
| 490 | 0 |
_aSavills Residential Property Focus _v3 QR 2012 |
|
| 520 | _aReviews international housing markets focusing on differences and similarities between the UK, Eurozone and United States. Provides statistical data on average house prices between 2004 and 2011, house price movements and owner-occupation as percentage of housing stock across a number of different markets. Outlines market forecasts for UK prime and mainstream for 2012-2016, looks at investment opportunities in prime London and the regions. Notes that new housing development in London is in short supply. Concludes with highlights from the English Housing Survey Households 2010-2011 (L156752) and Homes (L156755) reports. | ||
| 590 | _aKA NTK | ||
| 651 | 4 |
_aUnited Kingdom _y |
|
| 690 |
_aResidential property _96266 |
||
| 690 |
_aInvestments _96250 |
||
| 856 | 4 | 0 |
_uhttps://pdf.euro.savills.co.uk/residential-property-focus-uk/residential-property-focus-q3-2012.pdf _zView the report at www.savills.co.uk |
| 942 | _n0 | ||
| 999 |
_c114553 _d114553 |
||